000 00787nam a2200253 a 4500
001 69149
003 BD-RjUL
005 20211209081844.0
008 170410s1978 ii a b 001 0 eng
035 _a(BD-RjUL)
040 _aDLC
_cDLC
_dBD-RjUL
_beng
041 _aeng
082 0 0 _a577.583
_223
_bBRL 1978
100 1 _aBrafield, A. E.
_9204862
245 1 0 _aLife in sandy shores /
_cA. E. Brafield.
260 _aNew Delhi :
_bOxford & Publishing house,
_c1978.
300 _a60 p. :
_bill. ;
_c23 cm.
490 1 _aThe Institute of Biology's Studies in biology ; no. 89
504 _aIncludes index and bibliography
650 0 _aSeashore biology.
_9204863
830 0 _aInstitute of Biology's studies in biology ;
_vno. 89.
_9134943
942 _2ddc
_cBK
999 _c69149
_d69149